E-commerce and its applications (Record no. 7)

MARC details
000 -LEADER
fixed length control field 00584cam a2200241ua 4500
008 - FIXED-LENGTH DATA ELEMENTS--GENERAL INFORMATION
fixed length control field 190725n ii |||gr||||Z||||||eng
020 ## - INTERNATIONAL STANDARD BOOK NUMBER
International Standard Book Number 81-219-2841-9
040 ## - CATALOGING SOURCE
Transcribing agency MAIN
041 ## - LANGUAGE CODE
-- eng
082 ## - DEWEY DECIMAL CLASSIFICATION NUMBER
Classification number 381.142
100 ## - MAIN ENTRY--PERSONAL NAME
Personal name Shukla, Saurabh.,
245 ## - TITLE STATEMENT
Title E-commerce and its applications
Statement of responsibility, etc. By U. S. Pandey
250 ## - EDITION STATEMENT
Edition statement 1st.
260 ## - PUBLICATION, DISTRIBUTION, ETC.
Place of publication, distribution, etc. New Delhi:
Name of publisher, distributor, etc. S. Chand.,
Date of publication, distribution, etc. 2007.
300 ## - PHYSICAL DESCRIPTION
Extent 312 p.:
Other physical details ill;
Dimensions 22 cm.
700 ## - ADDED ENTRY--PERSONAL NAME
Personal name Shukla, Saurabh.,
700 ## - ADDED ENTRY--PERSONAL NAME
Personal name Srivastava, Rahul.,
700 ## - ADDED ENTRY--PERSONAL NAME
Personal name Pandey, U. S.,
942 ## - ADDED ENTRY ELEMENTS (KOHA)
Koha item type Books
653 ## - INDEX TERM--UNCONTROLLED
Uncontrolled term Commerce
653 ## - INDEX TERM--UNCONTROLLED
Uncontrolled term E-commerce
Holdings
Withdrawn status Lost status Damaged status Not for loan Home library Current library Shelving location Date acquired Total Checkouts Full call number Barcode Date last seen Date last checked out Copy number Price effective from Koha item type
        Naharkatiya College Library Naharkatiya College Library General Stacks 19/09/2020 3 381.142 | PAN 17401 21/01/2025 23/12/2024 1 19/09/2020 Books

Naharkatiya College © 2020. All rights reserved.

Powered By